000 01146nam a22002537a 4500
999 _c64665
_d64665
005 20240530110743.0
008 181108s2017 ua a f b 000 0|ara d
017 _a2016/13252
_bمصر. دار الكتب
020 _a9789772122561
040 _aEG-CaGPL
_cEG-CaGPL
082 0 4 _221
_a657.48 /
_bم م
100 0 _aمجدى سلامة محمود
245 1 0 _aمعايير المحاسبة الدولية :
_bالسياسات المحاسبية والتغيرات فى التقديرات والاخطاء المحاسبية : الافصاح المحاسبى - عرض البيانات المالية /
_cمجدى سلامة محمود
260 _aالاسكندرية :
_bمؤسسة شباب الجامعة ،
_c2017.
300 _a482 ص. :
_bجداول ؛
_c24 سم.
504 _aيشتمل على ارجاعات ببليوجرافية
650 0 7 _2qrmak
_aالمحاسبة
650 0 7 _2qrmak
_aالحسابات الالكترونية
650 0 7 _2qrmak
_aالمحاسبة الالية
650 0 7 _2qrmak
_aالمحاسبة الدولية
651 _2qrmak
942 _2ddc
_cBK